00827cam a22002297a 4500003000500000005001700005008004100022010000900063011000900072035000900081040000900090100003100099245021400130260004300344300001000387502007500397650001300472650002400485650002500509700002600534700003700560CHAP20220817040853.0971013s1990 r 00010 d a1794 a2766 a1966 cCHAP00aGonzález López, Celso. 0aEfecto del período de descanso sobre el crecimiento y utilización de una pradera asociada gramínea (Dactylis glomerata Var. Potomac) y leguminosa (Medicago sativa Var. Valenciana): Julio - Noviembre 1988 aChapingo, Méx. :bLos Autores,c1990 a92 h. aTesis (Ing. Agr. Esp. en Zootecnia) -- UACH. Departamento de Zootecnia14aAlfalfa.14aDactylis glomerata.14aPastosxCrecimiento.0 aLucio Niño, Carlos.0 aMonsivais Mauricio, José Luis.